书目信息 |
| 题名: |
混合式教学成功手册
|
|
| 作者: | 冯菲 , 刘玲 编著 | |
| 分册: | ||
| 出版信息: | 北京 北京大学出版社 2013.11 |
|
| 页数: | 200页 | |
| 开本: | 20cm | |
| 丛书名: | 高校教学促进丛书 | |
| 单 册: | ||
| 中图分类: | G434 | |
| 科图分类: | ||
| 主题词: | 电化教学 , 电化教育 | |
| 电子资源: | ||
| ISBN: | 978-7-301-23324-5 | |
| 000 | 00804nam0 2200253 45 | |
| 001 | 2331758889 | |
| 005 | 20230213085201.06 | |
| 010 | @a978-7-301-23324-5@dCNY 42.00 | |
| 100 | @a20230213d2013 km y0chiy0120 ea | |
| 101 | 0 | @achi |
| 102 | @aCN@b110000 | |
| 200 | 1 | @a混合式教学成功手册@Ahun he shi jiao xue cheng gong shou ce@e让课程快速上网@f冯菲, 刘玲编著@Ffeng fei,liu ling bian zhu |
| 210 | @a北京@c北京大学出版社@d2013.11 | |
| 215 | @a200页@d20cm@e光盘1片 | |
| 225 | 2 | @a高校教学促进丛书 |
| 410 | 0 | @12001 @a高校教学促进丛书 |
| 517 | @a让课程快速上网@Arang ke cheng kuai su shang wang | |
| 606 | 0 | @a电化教学 |
| 606 | 0 | @a电化教育 |
| 690 | @aG434@v4 | |
| 701 | 0 | @a冯菲@Afeng fei@4编著 |
| 701 | 0 | @a刘玲@Aliu ling@4编著 |
| 801 | 0 | @aCN@b河南城建学院图书馆@c20230213 |
| 905 | @dG434@eF443 | |
| 混合式教学成功手册:让课程快速上网/冯菲, 刘玲编著.-北京:北京大学出版社,2013.11 |
| 200页;20cm+光盘1片.-(高校教学促进丛书) |
| ISBN 978-7-301-23324-5:CNY 42.00 |
| ● |
| 相关链接 |
|
|
|
正题名:混合式教学成功手册
索取号:G434/F443
 
预约/预借
| 序号 | 登录号 | 条形码 | 馆藏地/架位号 | 状态 | 备注 |
| 1 | 1507738 | 215077388 | 材料与化工学院资料室/ [索取号:G434/F443] | 在馆 | |
| 2 | 1507739 | 215077397 | 材料与化工学院资料室/ [索取号:G434/F443] | 在馆 |